| 000 | 00552nam a2200205Ia 4500 | ||
|---|---|---|---|
| 005 | 20250923144811.0 | ||
| 008 | 008 250917s9999 xx 000 0 eng d | ||
| 037 | _aTextual | ||
| 040 |
_aDSWL _beng _cDSWL |
||
| 041 |
_aeng _2eng |
||
| 084 | _qDSWL | ||
| 100 |
_aSheldon, Glueck Eleanor _9828555 |
||
| 245 | 0 |
_aFamily environment and delinquency _cby Glueck Eleanor Sheldon |
|
| 260 |
_aLondon _b&Kegan Paul _c1962 |
||
| 300 | _axi,328,15p. | ||
| 365 |
_aINR _b35 |
||
| 925 | _g35 | ||
| 942 | _cTEXL | ||
| 999 |
_c1443507 _d1443507 |
||